The Pantaloon Lyric Quiz- twenty one pilots - Statistics

General Stats
  • This quiz has been taken 114 times
  • The average score is 168 of 204
Answer Stats
Hint Answer % Correct
. a
100%
. A
100%
. | .. Pantaloon
100%
. | .. the
100%
. The
100%
. | .. you
100%
. | .. You
100%
. Your
100%
. | .. your
100%
. | .. is
99%
. | .. to
99%
. are
97%
. died
97%
. favorite
97%
. had
97%
. have
97%
.. shirt
97%
. so
97%
. when
97%
. at
96%
. grandpa
96%
. | .. he
96%
. mind
96%
. nine
96%
. | .. too
96%
.. were
96%
. | .. and
95%
. Now
95%
. now
95%
. | .. soon
95%
. They
95%
. they
95%
. his
94%
. hurt
94%
. it
94%
. learned
94%
. lost
94%
. should
94%
. tired
94%
. trust
94%
. way
94%
. | .. all
92%
. dad
92%
. friends
92%
. never
92%
. that
92%
. ate
91%
. it's
91%
. It's
91%
. through
91%
. Lose
89%
. moth
89%
. said
89%
. be
87%
. alone
85%
. build
85%
. ground
85%
. home
85%
. turn
85%
. yourself
85%
. Find
84%
. wife
84%
. walk
80%
. fertilize
76%
. in
75%
. morning
73%
. people
70%
. used
70%
. | .. bones
67%
. chair
67%
. of
67%
. like
66%
. than
65%
. Because
63%
. colder
63%
. night
63%
. know
62%
. moon
62%
. sun
62%
. air
61%
. by
61%
. sleep
61%
. between
59%
. He's
58%
. island
58%
. many
58%
. stare
58%
. tiny
58%
. | .. can't
57%
. nightmares
57%
. what
57%
. deny
56%
.. Either
56%
. skin
56%
. sea
54%
. seen
54%
. warmer
54%
. held
53%
. together
53%
. Cause
52%
. How
52%
.. downs
51%
. meaning
51%
. but
47%
. who
47%
. frights
44%
. walking
43%
. come
42%
. feeble
42%
. changed
41%
. made
41%
. hustle
39%
. fairgrounds
37%
. surface
37%
. enough
35%
. across
34%
. very
34%
. glide
32%
. end
30%
No matching quizzes found
Score Distribution
Percent of People with Each Score
Percentile by Number Answered
Your Score History
You have not taken this quiz